Z jakiego kraju są te marki samochodów - Statystyki

Ogólne statystyki
  • Ten quiz został rozwiązany 104 razy
  • Średni wynik to 7 z 9
Statystyki odpowiedzi
Hint Odpowiedź % Poprawnych
Niemcy Volkswagen
89%
Francja Renault
81%
Japonia Subaru
81%
Indie Tata
77%
Wielka Brytania Mclaren
76%
Usa Ford
74%
Korea Południowa Kia
73%
Rumunia Dacia
71%
Hiszpania Cupra
64%
Nie znaleziono quizów pasujących do podanych kryteriów
Rozkład punktacji
Procent ludzi z każdym wynikiem
Percentyl według liczby udzielonych odpowiedzi
Twoja historia wyników
Nie rozwiązałeś tego quizu